| 000 | 00482nam a2200169Ia 4500 | ||
|---|---|---|---|
| 005 | 20240703095842.0 | ||
| 008 | 240126s9999 xx 000 0 und d | ||
| 020 | _a9788131203286 | ||
| 082 | _a621.38481 SMI;1 R | ||
| 100 | _aSmith, Steven W. | ||
| 245 | 0 | _aDigital signal processing : a practical guide for engineers and scientists | |
| 260 |
_bElsevier _aNew Delhi _c2003 |
||
| 300 | _axiv, 650 | ||
| 440 | _aNULL | ||
| 650 | _aDigital,processing,scientists | ||
| 942 | _cPU | ||
| 999 |
_c273933 _d273933 |
||